Социально-бытовая и трудовая реабилитация инвалидов и пожилых граждан: Руководство для подготовки соцальных работников

Bibliografske podrobnosti
Glavni avtor: Дыскин А. А.
Drugi avtorji: Танюхина Э. И.
Jezik:ruščina
Izdano: Москва, Логос, 1996
Teme:
Format: Knjiga
KOHA link:https://koha.lib.tpu.ru/cgi-bin/koha/opac-detail.pl?biblionumber=3506

MARC

LEADER 00000nam0a2200000 4500
001 3506
005 20231101204320.0
010 |a 585235256X 
035 |a (RuTPU)RU\TPU\book\3525 
035 |a BOOK00003533 
090 |a 3506 
100 |a 20011209d1996 m y0rusy50 ca 
101 0 |a rus 
102 |a RU 
105 |a y j 000zy 
200 1 |a Социально-бытовая и трудовая реабилитация инвалидов и пожилых граждан  |e Руководство для подготовки соцальных работников  |f А. А. Дыскин, Э. И. Танюхина 
210 |a Москва  |c Логос  |d 1996 
215 |a 223 с. 
606 1 |a Социальная работа  |x Теория  |2 stltpush  |3 (RuTPU)RU\TPU\subj\36954  |9 58145 
610 1 |a инвалиды 
610 1 |a реабилитация трудовая 
610 1 |a реабилитация социально-бытовая 
686 |a У9(2)272.24  |v LBC/SL-A  |2 rubbk 
700 1 |a Дыскин  |b А. А. 
701 1 |a Танюхина  |b Э. И. 
801 0 |a RU  |b 63413507  |c 20011209  |g PSBO 
801 2 |a RU  |b 63413507  |c 20181008  |g PSBO 
900 |a Опыт социальной работы с различными группами населения 
900 |a Социальная реабилитация 
942 |c BK